000 01143nam a2200241 4500
001 18282
003 DO-SdUEMH
005 20260106134341.0
007 ta
008 260103b1982 dr |||| |||| 10| 0 spa d
040 _aDO-SdUEMH
_bspa
_erda
041 _aspa
082 1 4 _mRD
_bE56p
245 4 0 _aLos problemas de la institucionalización y preservacion de la democracia en la República Dominicana /
_cexpositores: Joaquín Ricardo, Rafael Alburquerque, José del Castillo, José Francisco Peña González, Narciso Isa Conde ; editor: Fran Moya Pons
264 0 1 _aSanto Domingo, República Dominicana :
_bForum,
_c1982
300 _a173 paginas ;
_c22 cm.
336 _2rdacontent
_atexto
_btxt
337 _2rdamedia
_asin mediación
_bn
338 _2rdacarrier
_avolumen
_bnc
490 _aForum ;
_v2
505 0 _aPresentación -- Introducción -- La preservación y la institucionalización de la democracia -- Personalismo, caudillismo y democracia -- El proceso electoral contemporáneo en la República Dominicana -- La democracia y el principio de la no reelección -- Democracia y clases sociales -- debate.
942 _2ddc
_n0
_cBK
999 _c18282
_d18282